000
00305nam a22001337a 4500
008
190306b xxu||||| |||| 00| 0 eng d
020
_a
9781582551593
041
_a
eng
080
_2
2nd
_a
610
100
_a
4
101
_a
SHM
245
_a
Handbook of Signs & Symptoms
_c
Crawford, M,H
942
_2
udc
_c
BK
999
_c
54623
_d
54623